Statystyki dla Odgadnij państwa europy (EASY)

Kliknij tutaj aby rozwiązać quiz!

Ogólne statystyki

  • Ten quiz został rozwiązany 783 razy
  • Średni wynik to 14 z 15

Statystyki odpowiedzi

Odpowiedź% Poprawnych
Polska
100%
Rosja
99%
Hiszpania
98%
Niemcy
97%
Ukraina
97%
Wielka Brytania
97%
Włochy
95%
Finlandia
94%
Portugalia
94%
Szwecja
94%
Grecja
93%
Norwegia
93%
Turcja
93%
Białoruś
91%
Rumunia
88%

Rozkład punktacji

Percentyl według liczby udzielonych odpowiedzi

Procent ludzi z każdym wynikiem

Twoja historia wyników

Nie rozwiązałeś tego quizu